[Event "DEM U16w 2015"]
[Site "Willingen GER"]
[Date "2015.05.27"]
[Round "6"]
[White "Reyher, Susan"]
[Black "Möller, Hannah"]
[Result "1-0"]
[Termination "normal"]
[Board "12"]
[WhiteElo "1680"]
[BlackElo "1583"]
[PlyCount "75"]
[WhiteFideId "24686107"]
[BlackFideId "1270514"]
[EventCountry "GER"]
[EventRounds "9"]
[EventType "swiss"]
[EventDate "2015.05.23"]

1. e4 c5 2. Nf3 d6 3. d4 cxd4 4. Nxd4 Nf6 5. Nc3 g6 6. Be3 Bg7 7. f3 Nc6 8. Bc4
Bd7 9. Qd2 h5 10. O-O-O Rc8 11. Bb3 Ne5 12. h4 O-O 13. Rdg1 Nc4 14. Bxc4 Rxc4
15. g4 hxg4 16. h5 gxh5 17. Bh6 Qa5 18. Bxg7 Kxg7 19. Nf5+ Bxf5 20. Qg5+ Kh8
21. Rxh5+ Nxh5 22. Qxh5+ Kg7 23. Qg5+ Kh8 24. Rh1+ Bh7 25. Qxa5 Rg8 26. Qh5 Rg7
27. fxg4 Rc5 28. Qh4 Rcg5 29. Nd5 Rxg4 30. Qxe7 R4g6 31. Nf6 Rg1+ 32. Rxg1
Rxg1+ 33. Kd2 Kg7 34. Nxh7 Kxh7 35. Qxf7+ Rg7 36. Qf5+ Kg8 37. Qe6+ Kh7 38.
Qxd6 1-0

[Event "DEM U16w 2015"]
[Site "Willingen GER"]
[Date "2015.05.28"]
[Round "7"]
[White "Wächter, Nathalie"]
[Black "Ley, Sabrina"]
[Result "1-0"]
[Termination "normal"]
[Board "1"]
[WhiteElo "1925"]
[BlackElo "1702"]
[WhiteClock "00:02:50"]
[BlackClock "00:03:57"]
[PlyCount "147"]
[WhiteFideId "12921033"]
[BlackFideId "12938130"]
[EventCountry "GER"]
[EventRounds "9"]
[EventType "swiss"]
[EventDate "2015.05.23"]

1. d4 d5 2. Nf3 Nf6 3. c4 dxc4 4. Qa4+ Nbd7 5. Qxc4 e6 6. Bg5 Be7 7. e3 O-O 8.
Be2 a6 9. Nbd2 b5 10. Qc6 Rb8 11. Rc1 Bd6 12. e4 Bb7 13. Qc2 Be7 14. O-O Rc8
15. b4 Nb6 16. Bd3 h6 17. Bh4 Nh5 18. Bxe7 Qxe7 19. Qc5 Qxc5 20. Rxc5 Nf4 21.
Rc3 Rfd8 22. Re1 Na4 23. Ra3 Nxd3 24. Rxd3 c5 25. bxc5 Rxc5 26. Nb3 Rc2 27. Rd2
Rxd2 28. Nfxd2 Rc8 29. f3 Kf8 30. Kf1 Ke7 31. Rc1 Rxc1+ 32. Nxc1 Kd6 33. Ndb3
Nc3 34. Ke1 Nb1 35. Nd3 Na3 36. Ke2 Nc4 37. Ndc5 Bc8 38. Kd3 Kc6 39. Nd2 Nxd2
40. Kxd2 e5 41. Kc3 Kd6 42. Nd3 exd4+ 43. Kxd4 Be6 44. a3 Bc4 45. Nc5 a5 46.
Nb7+ Kc7 47. Nxa5 Bf1 48. g3 Kb6 49. Nb3 Bc4 50. Nc5 Kc6 51. f4 Kd6 52. Nb7+
Ke6 53. Nd8+ Kd7 54. Nb7 Ke6 55. Kc5 Bd3 56. Kd4 Bc4 57. e5 g6 58. Nd6 Be2 59.
Kc5 f6 60. exf6 Kxf6 61. Nxb5 Bd1 62. Nd4 h5 63. h4 Ke7 64. Kd5 Kf6 65. Ke4 Ba4
66. Ne2 Bc6+ 67. Ke3 Bd7 68. Nc3 Kf5 69. a4 Kg4 70. Kf2 Kf5 71. a5 Bc8 72. Na4
Ke6 73. a6 Kd6 74. a7 1-0

[Event "DEM U16w 2015"]
[Site "Willingen GER"]
[Date "2015.05.28"]
[Round "7"]
[White "Sieber, Fiona"]
[Black "Moses, Selina"]
[Result "1-0"]
[Termination "normal"]
[Board "2"]
[WhiteTitle "WFM"]
[WhiteElo "2104"]
[BlackElo "1809"]
[WhiteClock "00:57:17"]
[BlackClock "00:17:37"]
[PlyCount "49"]
[WhiteFideId "12902373"]
[BlackFideId "12908070"]
[EventCountry "GER"]
[EventRounds "9"]
[EventType "swiss"]
[EventDate "2015.05.23"]

1. e4 c5 2. Nf3 d6 3. d4 cxd4 4. Nxd4 Nf6 5. Nc3 a6 6. f4 e6 7. a4 Qc7 8. Be3
Be7 9. Be2 O-O 10. O-O Re8 11. Kh1 Bf8 12. Qe1 Nc6 13. Qg3 Nxd4 14. Bxd4 Qe7
15. e5 dxe5 16. fxe5 Nd5 17. Ne4 Qc7 18. c4 Kh8 19. cxd5 exd5 20. Rac1 Qd7 21.
Nd6 Re7 22. Bh5 Qe6 23. Nxf7+ Kg8 24. Nd6 Bd7 25. Rf6 1-0

[Event "DEM U16w 2015"]
[Site "Willingen GER"]
[Date "2015.05.28"]
[Round "7"]
[White "Weis, Olga"]
[Black "Rogozenco, Teodora"]
[Result "1-0"]
[Termination "normal"]
[Board "3"]
[WhiteElo "1739"]
[BlackElo "1961"]
[WhiteClock "00:16:11"]
[BlackClock "00:02:18"]
[PlyCount "43"]
[WhiteFideId "1270234"]
[BlackFideId "12938084"]
[EventCountry "GER"]
[EventRounds "9"]
[EventType "swiss"]
[EventDate "2015.05.23"]

1. d4 d6 2. e4 Nf6 3. Nc3 e5 4. Nge2 c6 5. a4 g6 6. h3 Nbd7 7. a5 Bg7 8. g4 O-O
9. Bg2 Re8 10. O-O h6 11. f4 exd4 12. Nxd4 Nc5 13. Re1 Nd5 14. exd5 Bxd4+ 15.
Kh2 Rxe1 16. Qxe1 Bd7 17. Ne4 Nxe4 18. Qxe4 Bg7 19. a6 Qb6 20. axb7 Re8 21. Qa4
Re1 22. Qxa7 1-0

[Event "DEM U16w 2015"]
[Site "Willingen GER"]
[Date "2015.05.28"]
[Round "7"]
[White "Eggert, Daniela"]
[Black "Peters, Theresa"]
[Result "1/2-1/2"]
[Termination "normal"]
[Board "4"]
[WhiteElo "1647"]
[BlackElo "1647"]
[WhiteClock "00:11:55"]
[BlackClock "00:17:26"]
[PlyCount "65"]
[WhiteFideId "12991490"]
[BlackFideId "12952192"]
[EventCountry "GER"]
[EventRounds "9"]
[EventType "swiss"]
[EventDate "2015.05.23"]

1. Nf3 f5 2. d3 Nf6 3. g3 b6 4. Bg2 Bb7 5. c4 e5 6. O-O Bd6 7. e3 O-O 8. Nc3 a6
9. b3 Qe8 10. d4 e4 11. Ng5 Nc6 12. Bb2 Nb4 13. Ba3 Qg6 14. Nh3 Rae8 15. Ne2
Qh6 16. Qd2 a5 17. d5 Ng4 18. Bxb4 Bxb4 19. Qd1 Ne5 20. Nd4 Be7 21. Nf4 Bg5 22.
Nde2 Rf6 23. h4 Bxf4 24. Nxf4 Ng4 25. Bh3 g5 26. hxg5 Qxg5 27. Bxg4 fxg4 28.
Kg2 Rh6 29. Rh1 Rxh1 30. Qxh1 b5 31. cxb5 Bxd5 32. Nxd5 Qxd5 33. Qd1 1/2-1/2

[Event "DEM U16w 2015"]
[Site "Willingen GER"]
[Date "2015.05.28"]
[Round "7"]
[White "Diener, Carolin Valeria"]
[Black "Brandl, Lea Maria"]
[Result "1/2-1/2"]
[Termination "normal"]
[Board "6"]
[WhiteElo "1706"]
[BlackElo "1779"]
[PlyCount "93"]
[WhiteFideId "24699063"]
[BlackFideId "24693049"]
[EventCountry "GER"]
[EventRounds "9"]
[EventType "swiss"]
[EventDate "2015.05.23"]

1. e4 c5 2. Nf3 d6 3. c3 Nf6 4. Bd3 Nc6 5. h3 e6 6. Bc2 Be7 7. O-O O-O 8. d4
cxd4 9. cxd4 Nb4 10. Be3 Nxc2 11. Qxc2 b6 12. Nc3 Bb7 13. Rfe1 Rc8 14. Qd3 Nd7
15. Bf4 a6 16. d5 Nc5 17. Qd2 e5 18. Bg5 f6 19. Be3 f5 20. exf5 Rxf5 21. b4 Nd7
22. a3 h6 23. Qd3 Qf8 24. Ne4 Qf7 25. Rad1 b5 26. Nh2 Qf8 27. Ng3 Rf6 28. Ng4
Rf7 29. Qg6 Kh8 30. Nh5 Nf6 31. Nhxf6 Bxf6 32. f4 exf4 33. Bxf4 Bd4+ 34. Be3
Bxe3+ 35. Rxe3 Rd8 36. Qd3 Bc8 37. Nh2 Rf2 38. Nf3 Rb2 39. Qc3 Qf6 40. Qxf6
gxf6 41. Nd4 Rg8 42. Re2 Rxe2 43. Nxe2 Bxh3 44. Nf4 Bd7 45. Kf2 Kg7 46. g3 Rc8
47. Re1 1/2-1/2

[Event "DEM U16w 2015"]
[Site "Willingen GER"]
[Date "2015.05.28"]
[Round "7"]
[White "Oberhofer, Marie"]
[Black "Gatzke, Carolin"]
[Result "0-1"]
[Termination "normal"]
[Board "7"]
[WhiteElo "1694"]
[BlackElo "1787"]
[PlyCount "54"]
[WhiteFideId "12938165"]
[BlackFideId "12943746"]
[EventCountry "GER"]
[EventRounds "9"]
[EventType "swiss"]
[EventDate "2015.05.23"]

1. e4 c5 2. Nf3 e6 3. d4 cxd4 4. Nxd4 a6 5. Be3 Nf6 6. Bd3 d5 7. e5 Nfd7 8. f4
Nc6 9. Nd2 Nc5 10. Be2 Qb6 11. Nxc6 Qxc6 12. O-O Na4 13. Rb1 Bc5 14. Bxc5 Nxc5
15. Nf3 Qa4 16. Qd4 Qxc2 17. Rfc1 Qxe2 18. Qxc5 Bd7 19. Qb4 Qb5 20. Qd6 Bc6 21.
Ng5 Qb6+ 22. Kh1 Rd8 23. Qa3 Qf2 24. Rf1 Qh4 25. Qb4 d4 26. Rbd1 h6 27. Nh3
Qxh3 0-1

[Event "DEM U16w 2015"]
[Site "Willingen GER"]
[Date "2015.05.28"]
[Round "7"]
[White "Usczeck, Alina"]
[Black "Christiansen, Anna"]
[Result "0-1"]
[Termination "normal"]
[Board "8"]
[WhiteElo "1755"]
[BlackElo "1359"]
[PlyCount "96"]
[WhiteFideId "12938114"]
[BlackFideId "12952230"]
[EventCountry "GER"]
[EventRounds "9"]
[EventType "swiss"]
[EventDate "2015.05.23"]

1. e4 e5 2. Nf3 Nc6 3. d4 exd4 4. Nxd4 Qh4 5. Nc3 Bb4 6. Be2 Qxe4 7. Ndb5 Bxc3+
8. bxc3 Kd8 9. O-O a6 10. Nd4 Nxd4 11. cxd4 Nf6 12. Bf3 Qg6 13. Re1 d6 14. c3
Re8 15. Rxe8+ Kxe8 16. Bf4 Kf8 17. Qb3 Rb8 18. Re1 b5 19. Qb4 Rb6 20. Qa5 Ne8
21. Be4 Bf5 22. Bf3 Bd3 23. Re3 h6 24. h3 Bc4 25. Be4 Qf6 26. Bg3 Qd8 27. Qb4
Bxa2 28. Bd3 Be6 29. Re1 Nf6 30. Ra1 Qa8 31. Qa5 Qc6 32. Kh2 Nd5 33. Rc1 Nf6
34. f3 Bd5 35. Ra1 Nh5 36. Be1 Nf4 37. Bf1 Bc4 38. Bxc4 Qxc4 39. Bg3 Nd5 40.
Be1 Rc6 41. Bd2 Nxc3 42. d5 Rc5 43. Qxa6 Qxd5 44. Qc8+ Ke7 45. Re1+ Kf6 46.
Bxc3+ Rxc3 47. Qg4 Rc4 48. Qg3 b4 0-1

[Event "DEM U16w 2015"]
[Site "Willingen GER"]
[Date "2015.05.28"]
[Round "7"]
[White "Denkert, Anna"]
[Black "Silber, Stefanie"]
[Result "1-0"]
[Termination "normal"]
[Board "9"]
[WhiteElo "1689"]
[BlackElo "1590"]
[PlyCount "141"]
[WhiteFideId "12938122"]
[BlackFideId "12918245"]
[EventCountry "GER"]
[EventRounds "9"]
[EventType "swiss"]
[EventDate "2015.05.23"]

1. e4 e5 2. Nf3 Nc6 3. Bc4 Bc5 4. d3 h6 5. c3 Nf6 6. O-O O-O 7. Be3 Bb6 8. h3
d5 9. exd5 Nxd5 10. Bxb6 Nxb6 11. Bb3 Bf5 12. Bc2 Re8 13. Qe2 Nd5 14. Rd1 Qf6
15. Kh2 Nf4 16. Qe3 Qg6 17. Nh4 Qg5 18. Qg3 Bh7 19. Qxg5 hxg5 20. Nf3 Rad8 21.
Nxg5 Bxd3 22. Bb3 Bg6 23. Na3 a6 24. g3 Nd3 25. Rd2 Na5 26. Rad1 Nxb3 27. axb3
e4 28. h4 Bh5 29. Rg1 f6 30. g4 Bg6 31. Nh3 Ne5 32. Rxd8 Nf3+ 33. Kg3 Rxd8 34.
Rc1 Rd2 35. Nc4 Rd7 36. b4 Bf7 37. Ne3 Rd2 38. Rc2 Bb3 39. Rxd2 Nxd2 40. Kf4 g6
41. Ng1 Kf7 42. Ne2 c6 43. Ng3 Bd5 44. g5 Nf3 45. gxf6 Kxf6 46. Nxe4+ Bxe4 47.
Kxe4 Nxh4 48. Kd4 Nf5+ 49. Ke4 Nxe3 50. Kxe3 Ke5 51. f4+ Kf5 52. Kf3 g5 53.
fxg5 Kxg5 54. Ke4 Kf6 55. Kd4 b6 56. c4 Ke6 57. c5 b5 58. Ke4 Kf6 59. Kf4 Ke6
60. Kg5 Ke7 61. Kf5 Kf7 62. Ke5 Ke7 63. b3 Kd7 64. Kf6 Kc8 65. Ke6 Kc7 66. Ke7
Kc8 67. Kd6 Kb7 68. Kd7 a5 69. bxa5 Ka6 70. b4 Kb7 71. Kd6 1-0

[Event "DEM U16w 2015"]
[Site "Willingen GER"]
[Date "2015.05.28"]
[Round "7"]
[White "Grund, Melanie"]
[Black "Reyher, Susan"]
[Result "1/2-1/2"]
[Termination "normal"]
[Board "10"]
[WhiteElo "1782"]
[BlackElo "1680"]
[PlyCount "67"]
[WhiteFideId "12988804"]
[BlackFideId "24686107"]
[EventCountry "GER"]
[EventRounds "9"]
[EventType "swiss"]
[EventDate "2015.05.23"]

1. d4 d5 2. e3 c5 3. c3 Nc6 4. Bd3 g6 5. f4 Bg7 6. Nf3 Nh6 7. O-O O-O 8. Ne5
Qc7 9. h3 cxd4 10. exd4 Bf5 11. Bxf5 Nxf5 12. g4 Nd6 13. Nd2 f6 14. Nxc6 bxc6
15. Qe1 Rfe8 16. f5 e5 17. fxe6 Qe7 18. Nb3 Ne4 19. Bf4 g5 20. Bh2 Qxe6 21. Nc5
Qf7 22. Nxe4 Rxe4 23. Qf2 Qd7 24. Rae1 Rae8 25. Rxe4 Rxe4 26. Qf5 Qxf5 27. Rxf5
Re3 28. Kg2 Kf7 29. Rf3 Re4 30. Bb8 a6 31. Bc7 Kg6 32. Bd8 Re8 33. Ba5 h5 34.
Kg3 1/2-1/2

[Event "DEM U16w 2015"]
[Site "Willingen GER"]
[Date "2015.05.28"]
[Round "7"]
[White "Giede, Anna-Blume"]
[Black "Sewald, Kathrin"]
[Result "0-1"]
[Termination "normal"]
[Board "11"]
[WhiteElo "1454"]
[BlackElo "1594"]
[PlyCount "56"]
[WhiteFideId "12921980"]
[BlackFideId "12964557"]
[EventCountry "GER"]
[EventRounds "9"]
[EventType "swiss"]
[EventDate "2015.05.23"]

1. e4 e5 2. Nc3 Nc6 3. Bc4 Bc5 4. Nf3 Nge7 5. d3 h6 6. a3 d6 7. h3 a6 8. O-O
O-O 9. Be3 Ba7 10. Qd2 Kh7 11. Bxa7 Rxa7 12. d4 f6 13. Rad1 Qe8 14. Qe3 Ra8 15.
Ne2 g5 16. dxe5 fxe5 17. Ng3 Ng6 18. Rd3 Nf4 19. Rd2 Ne7 20. b4 Neg6 21. Bb3
Qe7 22. c4 Qg7 23. Rc1 Nh4 24. Ne1 g4 25. hxg4 Bxg4 26. c5 Nfxg2 27. Nxg2 Rf3
28. Qe1 Rxg3 0-1

[Event "DEM U16w 2015"]
[Site "Willingen GER"]
[Date "2015.05.28"]
[Round "7"]
[White "Möller, Hannah"]
[Black "Klinkenberg, Cora"]
[Result "0-1"]
[Termination "normal"]
[Board "12"]
[WhiteElo "1583"]
[BlackElo "1622"]
[PlyCount "106"]
[WhiteFideId "1270514"]
[BlackFideId "16203186"]
[EventCountry "GER"]
[EventRounds "9"]
[EventType "swiss"]
[EventDate "2015.05.23"]

1. c4 Nc6 2. g3 Nf6 3. Bg2 d6 4. Nc3 Bf5 5. e3 e6 6. Nge2 Be7 7. O-O O-O 8. a3
a6 9. b4 Rb8 10. Bb2 Ne5 11. d4 Nxc4 12. Qc1 d5 13. Nf4 b6 14. Nh3 Qd7 15. Ng5
h6 16. Nf3 Bd6 17. Nd2 Nxd2 18. Qxd2 c5 19. Na2 Ne4 20. Qe2 c4 21. Rfc1 Rbc8
22. f3 Ng5 23. e4 Bg6 24. Nc3 dxe4 25. fxe4 b5 26. Qg4 Qa7 27. Rd1 Nh7 28. Kh1
Nf6 29. Qe2 Bh5 30. Bf3 Bxf3+ 31. Qxf3 Be7 32. a4 Qd7 33. d5 Rb8 34. d6 Bd8 35.
a5 Ne8 36. Qg4 Nxd6 37. e5 Qb7+ 38. Kg1 Nf5 39. Bc1 Qa7+ 40. Kh1 Ne3 41. Bxe3
Qxe3 42. Ne4 h5 43. Qf4 Qxf4 44. gxf4 Be7 45. Rab1 Rfd8 46. Nd6 Bxd6 47. exd6
Rd7 48. Rd4 Rbd8 49. Rbd1 f6 50. Kg1 Kf7 51. Kf2 e5 52. fxe5 fxe5 53. Rd5 Ke6
0-1

[Event "DEM U16w 2015"]
[Site "Willingen GER"]
[Date "2015.05.29"]
[Round "8"]
[White "Gatzke, Carolin"]
[Black "Wächter, Nathalie"]
[Result "0-1"]
[Termination "normal"]
[Board "1"]
[WhiteElo "1787"]
[BlackElo "1925"]
[WhiteClock "00:02:28"]
[BlackClock "00:03:07"]
[PlyCount "70"]
[WhiteFideId "12943746"]
[BlackFideId "12921033"]
[EventCountry "GER"]
[EventRounds "9"]
[EventType "swiss"]
[EventDate "2015.05.23"]

1. e4 e5 2. Nc3 d6 3. Bc4 Nf6 4. f4 Nbd7 5. Nf3 Be7 6. d3 h6 7. O-O O-O 8. Qe1
exf4 9. Bxf4 Nh5 10. Nd5 Nb6 11. Nxb6 axb6 12. Be3 Nf6 13. Nd4 Ng4 14. Bf4 Bf6
15. c3 Ne5 16. Bxe5 dxe5 17. Nf5 Kh7 18. Qe2 Bg5 19. Ne3 Qe7 20. Kh1 Be6 21.
Nd5 Qd8 22. d4 c6 23. Nb4 exd4 24. Bxe6 fxe6 25. Rxf8 Qxf8 26. Rf1 Qe7 27. e5
dxc3 28. bxc3 Rf8 29. Qd3+ Kg8 30. Rxf8+ Qxf8 31. h3 Qf4 32. Qd4 Qf1+ 33. Kh2
Bf4+ 34. g3 Qe2+ 35. Kh1 Qe1+ 0-1

[Event "DEM U16w 2015"]
[Site "Willingen GER"]
[Date "2015.05.29"]
[Round "8"]
[White "Weis, Olga"]
[Black "Sieber, Fiona"]
[Result "0-1"]
[Termination "normal"]
[Board "2"]
[BlackTitle "WFM"]
[WhiteElo "1739"]
[BlackElo "2104"]
[WhiteClock "00:01:47"]
[BlackClock "00:10:52"]
[PlyCount "48"]
[WhiteFideId "1270234"]
[BlackFideId "12902373"]
[EventCountry "GER"]
[EventRounds "9"]
[EventType "swiss"]
[EventDate "2015.05.23"]

1. d4 Nf6 2. c4 g6 3. Nf3 Bg7 4. Nc3 d5 5. e3 O-O 6. Be2 c5 7. O-O dxc4 8. Bxc4
Nc6 9. dxc5 Qa5 10. Nb5 Ne4 11. Qe2 a6 12. Nbd4 Qxc5 13. Nxc6 Qxc6 14. Nd4 Qb6
15. Qc2 Nd6 16. Qb3 Nxc4 17. Qxc4 Bd7 18. Rd1 Rac8 19. Qd5 Rfd8 20. Qg5 Bf6 21.
Qg3 Bc6 22. Bd2 Qxb2 23. Ba5 Rd5 24. Bc7 Rg5 0-1

[Event "DEM U16w 2015"]
[Site "Willingen GER"]
[Date "2015.05.29"]
[Round "8"]
[White "Rogozenco, Teodora"]
[Black "Ley, Sabrina"]
[Result "0-1"]
[Termination "normal"]
[Board "3"]
[WhiteElo "1961"]
[BlackElo "1702"]
[WhiteClock "00:22:31"]
[BlackClock "00:23:07"]
[PlyCount "62"]
[WhiteFideId "12938084"]
[BlackFideId "12938130"]
[EventCountry "GER"]
[EventRounds "9"]
[EventType "swiss"]
[EventDate "2015.05.23"]

1. d4 d5 2. c4 dxc4 3. Nf3 Nf6 4. e3 a6 5. a4 e6 6. Bxc4 c5 7. Nc3 Nbd7 8. a5
b5 9. axb6 Nxb6 10. Be2 Bb7 11. O-O cxd4 12. Nxd4 Bd6 13. Bf3 Bxf3 14. Qxf3 O-O
15. Rd1 Qc7 16. g3 Nc4 17. Ndb5 Qb8 18. Nxd6 Nxd6 19. Qc6 Nb5 20. Rxa6 Rxa6 21.
Qxa6 Nxc3 22. bxc3 Qb3 23. Qd3 Ne4 24. c4 Qxd3 25. Rxd3 h6 26. Ba3 Rc8 27. Rd4
Nc3 28. Kg2 e5 29. Rd3 Rxc4 30. Rd8+ Kh7 31. Rd5 Nxd5 0-1

[Event "DEM U16w 2015"]
[Site "Willingen GER"]
[Date "2015.05.29"]
[Round "8"]
[White "Moses, Selina"]
[Black "Eggert, Daniela"]
[Result "1-0"]
[Termination "normal"]
[Board "4"]
[WhiteElo "1809"]
[BlackElo "1647"]
[WhiteClock "00:16:00"]
[BlackClock "00:20:39"]
[PlyCount "53"]
[WhiteFideId "12908070"]
[BlackFideId "12991490"]
[EventCountry "GER"]
[EventRounds "9"]
[EventType "swiss"]
[EventDate "2015.05.23"]

1. e4 g6 2. d4 Bg7 3. Nc3 d6 4. f4 a6 5. Nf3 b5 6. e5 dxe5 7. dxe5 Qxd1+ 8.
Nxd1 f6 9. exf6 exf6 10. Bd3 f5 11. O-O Ne7 12. Re1 Bf6 13. a4 b4 14. Bd2 a5
15. Bc4 Bb7 16. Ng5 Ba6 17. Bf7+ Kf8 18. Ba2 Bxg5 19. fxg5 Nbc6 20. c3 Rb8 21.
Be6 Kg7 22. cxb4 axb4 23. Bf4 Rb7 24. Ne3 Rd8 25. Rad1 Rxd1 26. Rxd1 Nb8 27.
Be5+ 1-0

[Event "DEM U16w 2015"]
[Site "Willingen GER"]
[Date "2015.05.29"]
[Round "8"]
[White "Brandl, Lea Maria"]
[Black "Simon, Tessa"]
[Result "1-0"]
[Termination "normal"]
[Board "6"]
[WhiteElo "1779"]
[BlackElo "1903"]
[PlyCount "55"]
[WhiteFideId "24693049"]
[BlackFideId "12929395"]
[EventCountry "GER"]
[EventRounds "9"]
[EventType "swiss"]
[EventDate "2015.05.23"]

1. e4 c5 2. Nf3 Nc6 3. Bb5 e6 4. O-O Nge7 5. c3 a6 6. Ba4 b5 7. Bc2 d5 8. d4 c4
9. Re1 Qc7 10. Nbd2 b4 11. Nf1 bxc3 12. bxc3 Qa5 13. Bd2 g6 14. Qe2 Bg7 15. Ne3
O-O 16. e5 Rb8 17. Rab1 Bd7 18. Rxb8 Rxb8 19. Bb1 Na7 20. Ng4 Rb2 21. Nf6+ Bxf6
22. exf6 Nf5 23. Bxf5 gxf5 24. Qe3 Qa3 25. Bc1 Kf8 26. Bxb2 Qxb2 27. Qh6+ Ke8
28. Qxh7 1-0

[Event "DEM U16w 2015"]
[Site "Willingen GER"]
[Date "2015.05.29"]
[Round "8"]
[White "Hartmann, Cora"]
[Black "Diener, Carolin Valeria"]
[Result "1-0"]
[Termination "normal"]
[Board "7"]
[WhiteElo "1585"]
[BlackElo "1706"]
[PlyCount "91"]
[WhiteFideId "16200764"]
[BlackFideId "24699063"]
[EventCountry "GER"]
[EventRounds "9"]
[EventType "swiss"]
[EventDate "2015.05.23"]

1. e4 e5 2. Nf3 Nc6 3. Bc4 Bc5 4. O-O Nf6 5. d4 Bxd4 6. Nxd4 Nxd4 7. f4 d6 8.
fxe5 dxe5 9. Bg5 b5 10. Bb3 Bb7 11. c3 Nxb3 12. Qxb3 a6 13. a4 Bc6 14. axb5
Bxb5 15. Rd1 Qb8 16. Bxf6 gxf6 17. Na3 O-O 18. c4 Bc6 19. Qg3+ Kh8 20. Qh4 Qb6+
21. Kh1 Ba4 22. c5 Qe6 23. Rf1 Rg8 24. Rxf6 Qe7 25. Qf2 Rg7 26. Qf5 Rag8 27.
Nc4 Rg5 28. Rxf7 Rxf5 29. Rxe7 Rf2 30. g3 Bb5 31. Nxe5 Rgf8 32. Rxc7 Rxb2 33.
Nf7+ Kg8 34. Nh6+ Kh8 35. Rf7 Re8 36. Rd1 Bc6 37. Kg1 Re2 38. e5 R2xe5 39. Rc7
Bb5 40. Nf7+ Kg8 41. Nxe5 Rxe5 42. Rd8+ Re8 43. Rxe8+ Bxe8 44. Ra7 Bb5 45. Kf2
h6 46. Ke3 1-0

[Event "DEM U16w 2015"]
[Site "Willingen GER"]
[Date "2015.05.29"]
[Round "8"]
[White "Christiansen, Anna"]
[Black "Grund, Melanie"]
[Result "1/2-1/2"]
[Termination "normal"]
[Board "8"]
[WhiteElo "1359"]
[BlackElo "1782"]
[PlyCount "58"]
[WhiteFideId "12952230"]
[BlackFideId "12988804"]
[EventCountry "GER"]
[EventRounds "9"]
[EventType "swiss"]
[EventDate "2015.05.23"]

1. e4 e6 2. d4 g6 3. Nf3 Bg7 4. Nc3 b6 5. Bc4 Ne7 6. O-O O-O 7. Re1 d6 8. d5 e5
9. Ne2 Bg4 10. Ng3 Nd7 11. h3 Bxf3 12. Qxf3 f5 13. exf5 Nxf5 14. Nxf5 Rxf5 15.
Qg3 Qf6 16. Bd3 Rh5 17. Be2 Rf5 18. Bg4 Rf8 19. Bxf5 Qxf5 20. Re2 e4 21. Qe3
Qxd5 22. Qxe4 Qb5 23. a4 Qc5 24. c3 d5 25. Qe6+ Rf7 26. Be3 Qc4 27. Rd2 Nf6 28.
f3 c6 29. Bf2 Qf4 1/2-1/2

[Event "DEM U16w 2015"]
[Site "Willingen GER"]
[Date "2015.05.29"]
[Round "8"]
[White "Klinkenberg, Cora"]
[Black "Oberhofer, Marie"]
[Result "0-1"]
[Termination "normal"]
[Board "9"]
[WhiteElo "1622"]
[BlackElo "1694"]
[PlyCount "96"]
[WhiteFideId "16203186"]
[BlackFideId "12938165"]
[EventCountry "GER"]
[EventRounds "9"]
[EventType "swiss"]
[EventDate "2015.05.23"]

1. e4 c5 2. Nf3 d6 3. d4 cxd4 4. Qxd4 Nc6 5. Bb5 Bd7 6. Bxc6 Bxc6 7. Nc3 Nf6 8.
Bg5 Qa5 9. Bxf6 gxf6 10. O-O Rg8 11. Qe3 Qh5 12. Nd4 Bh6 13. Qf3 Qxf3 14. Nxf3
f5 15. Rfe1 fxe4 16. Nxe4 O-O-O 17. Ng3 Bxf3 18. gxf3 e6 19. Kh1 Rg6 20. Rad1
d5 21. Rd3 Rd6 22. Ra3 Rc6 23. c3 a6 24. Ne2 Rf6 25. Nd4 Rc4 26. Rb3 Bf4 27.
Ne2 Bc7 28. Kg2 Rh4 29. Ng3 Rg6 30. Rb4 Rxb4 31. cxb4 Bd6 32. a3 Rg8 33. Kh1
Kd7 34. Re2 Rc8 35. Nh5 Be7 36. Nf4 Rc4 37. Nd3 Bd6 38. Ne5+ Bxe5 39. Rxe5 Rc2
40. Rh5 Rxf2 41. Rxh7 Rxf3 42. Rg7 e5 43. Kg2 Rf6 44. h4 Rg6+ 45. Rxg6 fxg6 46.
Kf3 Ke6 47. Ke3 Kf5 48. Kf3 d4 0-1

[Event "DEM U16w 2015"]
[Site "Willingen GER"]
[Date "2015.05.29"]
[Round "8"]
[White "Sewald, Kathrin"]
[Black "Reyher, Susan"]
[Result "1-0"]
[Termination "normal"]
[Board "10"]
[WhiteElo "1594"]
[BlackElo "1680"]
[PlyCount "121"]
[WhiteFideId "12964557"]
[BlackFideId "24686107"]
[EventCountry "GER"]
[EventRounds "9"]
[EventType "swiss"]
[EventDate "2015.05.23"]

1. e4 e5 2. Nf3 Nc6 3. Bc4 Bc5 4. c3 Nf6 5. d3 d6 6. Bb3 a6 7. Nbd2 Ba7 8. Nf1
Ne7 9. Ng3 Ng6 10. O-O O-O 11. Be3 Bxe3 12. fxe3 Be6 13. d4 d5 14. exd5 Nxd5
15. Bxd5 Qxd5 16. e4 Qd7 17. d5 Bg4 18. Qb3 b6 19. c4 f5 20. exf5 Bxf5 21. Nxf5
Rxf5 22. Rad1 Qd6 23. Qe3 Raf8 24. Rfe1 a5 25. Ng5 Nf4 26. Ne4 Qg6 27. Qg3 Qe8
28. Rd2 Nh5 29. Qe3 Qf7 30. Rf2 Nf4 31. Ref1 Qg6 32. Ng3 Rg5 33. Qb3 Qe8 34.
Qc2 Rg6 35. Qe4 Rgf6 36. b3 Qe7 37. Qc2 R6f7 38. Ne4 Rf5 39. Rf3 R5f7 40. Kh1
Kh8 41. g3 Ng6 42. Rxf7 Rxf7 43. Rxf7 Qxf7 44. Qf2 Qxf2 45. Nxf2 Kg8 46. Kg2
Kf7 47. Kf3 Ke7 48. Ne4 Nf8 49. Kg4 Nd7 50. Ng5 Nf6+ 51. Kf5 e4 52. Nxe4 g6+
53. Kf4 Nd7 54. a3 h6 55. g4 Nc5 56. Nxc5 bxc5 57. Ke5 Kf7 58. d6 c6 59. d7 Ke7
60. d8=Q+ Kxd8 61. Kd6 1-0

[Event "DEM U16w 2015"]
[Site "Willingen GER"]
[Date "2015.05.29"]
[Round "8"]
[White "Möller, Hannah"]
[Black "Usczeck, Alina"]
[Result "1-0"]
[Termination "normal"]
[Board "11"]
[WhiteElo "1583"]
[BlackElo "1755"]
[PlyCount "65"]
[WhiteFideId "1270514"]
[BlackFideId "12938114"]
[EventCountry "GER"]
[EventRounds "9"]
[EventType "swiss"]
[EventDate "2015.05.23"]

1. d4 d5 2. Nf3 Nf6 3. e3 c6 4. Bd3 Bg4 5. Nbd2 Nbd7 6. b3 e5 7. Be2 Bd6 8. h3
Bh5 9. Bb2 Qc7 10. dxe5 Nxe5 11. Rb1 Bg6 12. O-O h6 13. Rc1 O-O 14. Nd4 Ne4 15.
Nxe4 dxe4 16. Bg4 Rad8 17. Qe2 Nxg4 18. Qxg4 Be5 19. Rb1 a6 20. b4 Rfe8 21. a3
c5 22. Ne2 Bxb2 23. Rxb2 cxb4 24. axb4 Re6 25. Nd4 Rb6 26. Ra1 Qc3 27. Rab1 Kh7
28. Qe2 Rc8 29. Rb3 Qc7 30. Rc1 f6 31. Qg4 Bf7 32. Rb2 Qe5 33. Qxc8 1-0